The Friday Multiple Choice Quiz (General Knowledge) #17 - Statistics

General Stats
  • This quiz has been taken 30 times
  • The average score is 6 of 10
Answer Stats
Question Answer % Correct
What were the names of Frank Sinatra's children? Nancy, Frank Jr and Tina
83%
What is the Scottish equivalent of an English mayor? Provost
79%
Hedenophobia is the fear of what? Obtaining pleasure
76%
What was Dutchman Marinus van der Lubbe convicted of doing in Germany in 1933? Setting fire to the Reichstag
66%
In which of the following games would you "peg out"? Croquet
62%
The second longest lived biblical character is said to have reached the age of 950. Who was this? Noah
62%
In 1959 who had a number 1 hit single with 'Running Bear'? Johnny Preston
55%
How do snakes hear? Their middle ear connects to the jawbone, enabling them to detect vibrations
52%
Which novel opens with the lines: "The past is a foreign country: they do things differently there"? The Go-Between
38%
In 1804 which British engineer produced the first steam locomotive to successfully run on iron rails? Richard Trevithick
21%
No matching quizzes found
Score Distribution
Percent of People with Each Score
Percentile by Number Answered
Your Score History
You have not taken this quiz